Перспективы применения активных элементов на парах бромида меди с длинным импульсом излучения в лазерных мониторах; Информационные технологии неразрушающего контроля

التفاصيل البيبلوغرافية
Parent link:Информационные технологии неразрушающего контроля.— 2015.— [С. 95-100]
المؤلف الرئيسي: Губарев Ф. А. Фёдор Александрович
مؤلف مشترك: Национальный исследовательский Томский политехнический университет (ТПУ) Институт неразрушающего контроля (ИНК) Кафедра промышленной и медицинской электроники (ПМЭ)
مؤلفون آخرون: Кленовский М. С. Мирон Станиславович
الملخص:Заглавие с титульного экрана
اللغة:الروسية
منشور في: 2015
الموضوعات:
الوصول للمادة أونلاين:http://earchive.tpu.ru/handle/11683/15257
http://www.lib.tpu.ru/fulltext/c/2015/C111/017.pdf
التنسيق: الكتروني فصل الكتاب
KOHA link:https://koha.lib.tpu.ru/cgi-bin/koha/opac-detail.pl?biblionumber=616504

MARC

LEADER 00000naa2a2200000 4500
001 616504
005 20240209132958.0
035 |a (RuTPU)RU\TPU\conf\14742 
035 |a RU\TPU\conf\14741 
090 |a 616504 
100 |a 20151229d2015 k y0rusy50 ca 
101 0 |a rus 
102 |a RU 
105 |a y z 101zy 
135 |a drcn ---uucaa 
181 0 |a i  
182 0 |a b 
200 1 |a Перспективы применения активных элементов на парах бромида меди с длинным импульсом излучения в лазерных мониторах  |f Ф. А. Губарев, М. С. Кленовский 
203 |a Текст  |c электронный 
300 |a Заглавие с титульного экрана 
320 |a [Библиогр.: с. 99-100 (21 назв.)] 
337 |a Adobe Reader 
463 0 |0 (RuTPU)RU\TPU\conf\14479  |t Информационные технологии неразрушающего контроля  |o сборник научных трудов Российской школы конференции с международным участием, Томск, 27-30 октября 2015 г.  |f Национальный исследовательский Томский политехнический университет (ТПУ)  |v [С. 95-100]  |d 2015 
610 1 |a труды учёных ТПУ 
610 1 |a электронный ресурс 
610 1 |a перспективы 
610 1 |a активные элементы 
610 1 |a пары 
610 1 |a бромид меди 
610 1 |a импульсные излучения 
610 1 |a лазерные мониторы 
700 1 |a Губарев  |b Ф. А.  |c специалист в области электроники  |c доцент Томского политехнического университета, кандидат физико-математических наук  |f 1979-  |g Фёдор Александрович  |3 (RuTPU)RU\TPU\pers\25668  |9 11579 
701 1 |a Кленовский  |b М. С.  |c специалист в области электроники  |c младший научный сотрудник Томского политехнического университета  |f 1984-  |g Мирон Станиславович  |3 (RuTPU)RU\TPU\pers\36124 
712 0 2 |a Национальный исследовательский Томский политехнический университет (ТПУ)  |b Институт неразрушающего контроля (ИНК)  |b Кафедра промышленной и медицинской электроники (ПМЭ)  |3 (RuTPU)RU\TPU\col\18719 
801 2 |a RU  |b 63413507  |c 20210224  |g RCR 
856 4 |u http://earchive.tpu.ru/handle/11683/15257 
856 4 |u http://www.lib.tpu.ru/fulltext/c/2015/C111/017.pdf 
942 |c BK